| 000 | 00982nam a2200289 a 4500 | ||
|---|---|---|---|
| 001 | 57162 | ||
| 005 | 20221121091202.0 | ||
| 008 | 140415s2011 sp a r 000 0 spa d | ||
| 020 | _a9788480868266 | ||
| 040 | _erda | ||
| 041 | 0 | _aspa | |
| 082 | 0 |
_a618.92 _bMAR |
|
| 100 | 1 |
_aMarcdante, Karen J., _eautor _94396 |
|
| 240 | 1 | 0 |
_aNelson essentials of pediatrics. _lEspañol |
| 245 | 1 | 0 |
_aNelson pediatría esencial / _cKaren J. Marcdante, Robert M. Kliegman, Hal B. Jenson, Richard E. Behrman. |
| 250 | _a6a. edición | ||
| 264 | 1 |
_aBarcelona, España : _bElsevier España, _c2011 |
|
| 300 |
_axix, 832 páginas : _bilustraciones (principalmente a color) ; _c28 cm. |
||
| 336 |
_atexto _2rdacontent |
||
| 337 |
_asin mediación _2rdamedia |
||
| 338 |
_avolume _2rdacarrier |
||
| 650 | 4 | _aPediatría | |
| 700 | 1 |
_aKliegman, Robert, _eautor _97490 |
|
| 700 | 1 |
_aJenson, Hal B. _eautor |
|
| 700 | 1 |
_aBehrman, Richard E. _eautor |
|
| 999 |
_c57162 _d57162 |
||
| 942 |
_h618.92 _iMAR _cLI |
||